000 01139nam a2200301 i 4500
003 EG-GICUC
005 20260423075109.0
008 260423s1875 fr ||||fr|||| 000 0 fre d
040 _aEG-GiCUC
_bfre
_cEG-GiCUC
_dEG-GiCUC
_eRda
041 0 _afre
082 0 4 _221
_a343.372
_bSE . T
092 0 4 _221
099 _aLaw1 10 343.372 SE . T 1875
100 1 _aLe Sellier, Achille-François
_eAuteur
245 1 0 _aTraité de la compétence et de l’organisation des tribunaux chargés de la répression soit pénale, soit civile, des contraventions, des délits et des crimes .
_nTome premier /
_cpar Achille-François Le Sellier.
264 1 _aParis :
_bA. Durand et Pedone-Lauriel,
_c1875.
300 _a629 page ;
_c 24 cm.
_billustration ;
336 _2rda contenu
_a texte
337 _2rda medias
_aOrdinateur
338 _2 transporteur rda
_a Ressource en ligne
504 _aComprend des références bibliographiques.
546 _aTexte en français
650 1 4 _aDroit pénal
_2qrmak
651 1 _2qrmak
856 4 0 _uhttps://fll.law.cu.edu.eg/fulltext/bks/B10-08958.pdf
905 _a74
942 _2ddc
_n0
_cBK
_e21
999 _c72941
_d72941